Cuadernos del sur 12 /
Guardado en:
| Formato: | Libro |
|---|---|
| Publicado: |
Bah¡a Blanca :
Departamento de Ciencias Sociales,
1979
|
| Series: | Cuadernos del sur, 12
|
| Materias: | |
| Etiquetas: |
Agregar Etiqueta
Sin Etiquetas, Sea el primero en etiquetar este registro!
|
| LEADER | 00724nam a22002295a 4500 | ||
|---|---|---|---|
| 001 | CEM.cems007002 | ||
| 005 | 20060214000000.0 | ||
| 008 | 130507s1979##################000#0#####d | ||
| 003 | CEMS | ||
| 082 | 0 | 4 | |a 001.3 |
| 245 | 0 | 0 | |a Cuadernos del sur 12 / |
| 260 | |a Bah¡a Blanca : |b Departamento de Ciencias Sociales, |c 1979 | ||
| 300 | |a 199 p. | ||
| 490 | 0 | |a Cuadernos del sur, 12 | |
| 653 | |a Cuadernos del sur | ||
| 653 | |a Existencialismo | ||
| 653 | |a Humanidades | ||
| 653 | |a Idealismo | ||
| 653 | |a Mujer | ||
| 859 | |a CEMS |b BIB. CEMS - 11 de abril |h 001.3 |i C891-12 |p 11480.82 |t Ej.1 | ||
| 859 | |a CEMS |b BIB. CEMS - 11 de abril |h 001.3 |i C891-12 |p 11481.82 |t Ej.2 | ||
| 859 | |a CEMS |b BIB. CEMS - 11 de abril |h 001.3 |i C891-12 |p 12716.83 |t Ej.3 | ||
